000 00356nam a2200145Ia 4500
008 210716s2013 xx 000 0 und d
020 _a9788131760307
041 _aeng
082 _a004 INTR
245 _aIntroduction to computer science.
250 _a2
260 _aNew Delhi
_bPearson
_c2013
300 _axxi,510
650 _aComputer Fundamentals
999 _c193701
_d193701